| 000 | 04148cam a22003855a 4500 | ||
|---|---|---|---|
| 001 | 017770692 | ||
| 003 | Uk | ||
| 005 | 20161018142413.0 | ||
| 006 | m || d | | ||
| 007 | cr ||||||||||| | ||
| 008 | 160306s2016 njua frb 0|1 0|eng d | ||
| 015 |
_aGBB6E2382 _2bnb |
||
| 020 | _z9780813814520 | ||
| 020 | _z0813814529 | ||
| 040 |
_aUk _beng _cUk _dEG-ScBUE |
||
| 042 | _aukblsr | ||
| 082 | 0 | 4 |
_222 _a617.693 _bMIN |
| 245 | 0 | 0 |
_aMinimally invasive dental implant surgery / _cedited by Daniel R. Cullum, Douglas Deporter. |
| 260 |
_aHoboken, New Jersey : _bJohn Wiley & Sons, Inc., _c2016. |
||
| 300 |
_axii, 452p. : _bill. (chiefly color) _c29 cm. |
||
| 500 | _aIndex : p. 443-452. | ||
| 504 | _aIncludes bibliographical references. | ||
| 505 | 0 | _aSection I: Technology, Diagnosis, and Treatment Planning: 1. Diagnosis and Treatment Planning for Minimally Invasive Dental Implant Treatment / Jean-Francois Bedard & Daniel R. Cullum -- 2. Diagnostic Imaging for Patient Evaluation and Minimally Invasive Treatment Planning / Scott D. Ganz -- 3. Risk Assessment and Avoiding Complications / David Dara Yarmand, Douglas Deporter, & Daniel R. Cullum -- 4. The Provisional Restoration: A Diagnostic, Functional, and Esthetic Template / Aldo Leopardi & Daniel R. Cullum -- Section II: Technology and Surgery: 5. Extraction Site Management for Ridge Preservation and Implant Site Development / Barry Bartee & Daniel R. Cullum -- 6. .Engineering Biologic Width and Tissue Levels with Implant and Abutment Surface Preparation / Myron Nevins, Cary A. Shapoff , Khalid Al Hezaimi, & David M. Kim -- 7. Recombinant Human Bone Morphogenetic Protein-2 or Recombinant Human Platelet-Derived Growth Factor BB in Extraction Site Preservation and Bone Augmentation / Craig M. Misch, Marc L. Nevins, & Jason A. Boch -- 8. Periodontal and Peri-implant Soft Tissue Surgery / Giles Horrocks, Christine Cole, & Daniel R. Cullum -- 9. Minimally Invasive Implant Surgery Using Computer-Guided Technology / Gary Orentlicher, Andrew Horowitz, & Marcus Abboud -- Section III: Optimizing Anatomical Limits with Short, Narrow and Angled Implants:10. Short Implants / Douglas Deporter -- 11. Narrow Implants / Joerg Neugebauer, Douglas Deporter, & Daniel R. Cullum -- 12. Minimally Invasive Complete Arch Treatment: The Versatility of Angled Implants / Ole T. Jensen & Daniel R. Cullum -- Wedge Implants and Piezoelectric Surgery: A Minimally Invasive Implant Concept for the Treatment of Narrow Alveolar Ridges / Tomaso Vercellotti & Claudio Stacchi -- Section IV: Implant Site Development:14. Single-Stage Implant Placement and Simultaneous Grafting: The “Esthetic Contour Graft ” / Bach T. Le & Sze Wing Cynthia Au Yeung -- 15. Trans-Alveolar Sinus Elevation and Contiguous Sinus Floor Elevation / Daniel R. Cullum & Douglas Deporter -- 16. Ridge Expansion / Daniel R. Cullum -- 17. Ridge Expansion Combined with Trans-Alveolar Sinus Elevation / Daniel R. Cullum -- Section V: Immediate Implant Reconstruction:18. Immediate Implant Placement for Single- and Multi-Rooted Teeth / Daniel R. .Cullum & Douglas Deporter -- 19. Immediate Esthetic Zone Tooth Replacement / Daniel R. Cullum & Howard Park -- Section VI: Comprehensive Applications of Minimally Invasive Surgery: 20. Skeletal Anchorage and Orthodontics in Implant Site Development / Michael P. Chaff ee & Daniel R. Cullum -- 21. Minimally Invasive Comprehensive Treatment: Case Studies / Daniel R. Cullum & Earl Ness. | |
| 520 | _aMinimally Invasive Dental Implant Surgery presents a new clinical text and atlas focused on cutting edge and rapidly developing, minimally invasive treatment modalities and their applications to implant dentistry. | ||
| 530 | _aAlso issued in print format. | ||
| 590 | _aWessam | ||
| 650 | 7 |
_aDental implants. _2BUEsh _935980 |
|
| 650 | 7 |
_aSurgical Procedures, Minimally Invasive _941571 _xmethods. |
|
| 650 | 7 |
_aPatient Care Planning. _920329 |
|
| 651 | _2BUEsh | ||
| 653 |
_bDDent _cOctober2016 |
||
| 700 | 1 |
_aCullum, Daniel R. _q(Daniel Ray) _eeditor. _941569 |
|
| 700 | 1 |
_aDeporter, Douglas _eeditor. _941570 |
|
| 942 |
_2ddc _e22 _k617.693 MIN |
||
| 999 |
_c22687 _d22659 |
||